| 000 | 00617nam a2200241 a 4500 | ||
|---|---|---|---|
| 001 | 0001-1233 | ||
| 003 | ELIB.Books | ||
| 008 | 150601 2010 eng | ||
| 020 | _a089107869X | ||
| 035 | _a(ELIB.Books)0001-1388 | ||
| 092 |
_aB _bSmi |
||
| 100 | _aSmith, Jane Stuart | ||
| 245 |
_aThe Gift of Music _bGreat Composers and Their Influence |
||
| 260 |
_aWheaton _bCrossway Books _c1995 |
||
| 300 |
_a317 _c21.5 Cm |
||
| 500 | _aLibrary | ||
| 650 | _aBiography | ||
| 856 |
_nKBTS: Library _uKBTS: Elib |
||
| 942 |
_2ddc _cBK |
||
| 990 | _a2 | ||
| 998 |
_cbat _e2015-06-01 |
||
| 999 |
_c11233 _d11233 |
||